| 000 | 00861na a2200277 4500 | ||
|---|---|---|---|
| 001 | 18042 | ||
| 003 | MIRAKIL | ||
| 005 | 20181213155033.0 | ||
| 008 | 161110b tu 000 0 | ||
| 020 | _a9757404241 | ||
| 035 | _a18042 | ||
| 040 |
_aMilas _btur _cTR-AnCHP |
||
| 041 | _atur | ||
| 082 |
_a324.2183 _bŞ35b 2003 |
||
| 090 | _a324.2183 Ş35b 2003 | ||
| 100 | _aŞemsek, Muharrem | ||
| 245 |
_aBunalımdan çıkış için Muharrem Şimşek'ten Devlet Bahçeli'ye mektuplar _cMuharrem Şemsek |
||
| 260 |
_aErzurum _bTaş Medrese Yayınları _c2003 |
||
| 300 |
_a88 s. _bres. _c21 sm. |
||
| 440 |
_aTaş Medrese Yayınları _v35 |
||
| 490 |
_aSiyasi-Fikir _v7 |
||
| 600 |
_aBahçeli, Devlet _xMektuplar |
||
| 610 |
_aMilliyetçi Halk Partisi (MHP) _xMektuplar |
||
| 650 |
_aSiyasal partiler _xMilliyetçi partiler _zTürkiye |
||
| 942 |
_2dcc _cBKS |
||
| 999 |
_c5321 _d5321 |
||